[Event "83rd Tata Steel Masters 2021"]
[Site "Wijk aan Zee"]
[Date "2021.01.18"]
[Round "3.7"]
[White "Firouzja, Alireza"]
[Black "Anton Guijarro, David"]
[Result "1-0"]
[WhiteElo "2749"]
[BlackElo "2679"]
[Annotator "TA"]
[PlyCount "121"]
[EventDate "2021.01.16"]
[EventType "tourn"]
[EventCountry "NED"]
[SourceTitle "playchess.com"]
[Source "ChessBase"]
[SourceQuality "1"]

{[%evp 9,121,-6,0,6,10,0,13,0,0,0,0,0,14,0,0,0,0,0,0,0,15,14,22,20,20,22,22,28,35,22,43,31,32,15,26,26,26,26,26,26,45,40,56,53,53,33,60,34,41,41,46,41,51,49,49,0,56,0,61,46,44,45,45,0,0,0,0,0,0,13,27,0,82,68,77,77,108,122,131,127,167,160,135,158,126,93,89,93,93,93,154,182,321,323,530,522,518,503,455,449,426,420,877,877,879,881,870,862,862,862,854,846,752,743]} 1. d4 Nf6 2. Nf3 d5 3. Bf4 c5 4. e3 Nc6 5. Nbd2 cxd4 6. exd4 {D02: 1 d4 d5 2 Nf3 sidelines, including 2...Nf6 3 g3 and 2...Nf6 3 Bf4.} Bf5 {6...Qb6 is the modern continuation.} 7. Bb5 Rc8 8. c3 {The position is equal.} e6 {[#]} 9. Qe2 $146 ({Predecessor:} 9. Qa4 Qb6 10. Bxc6+ bxc6 11. b4 Bd3 12. Ne5 Bb5 13. Qb3 Bd6 14. Nxf7 Bxf4 15. Nxh8 {0-1 (35) Montoya Quintero,S-De la Hoz Paternina,F (1362) Antioquia 2020}) 9... Nd7 10. h4 a6 11. Bd3 {[#] Strongly threatening Bxf5.} Bxd3 12. Qxd3 Be7 13. Kf1 Qb6 14. Rb1 Qb5 15. Qxb5 axb5 16. a3 h5 17. Nb3 f6 18. Re1 Kf7 19. Nc1 Nf8 20. Nd3 Ng6 21. Bg3 Na5 22. Kg1 Nc4 23. Re2 Rhe8 24. Kh2 Bf8 25. Rhe1 b6 26. Kg1 Ra8 27. Bf4 Rac8 28. g3 Rc6 29. Kg2 Be7 30. Ng1 Bf8 31. Nh3 Be7 32. Ng1 Bf8 $1 33. Nf3 Be7 34. Kh3 Ra8 35. Bc1 Re8 36. g4 hxg4+ 37. Kxg4 Rh8 38. h5 $36 {[%mdl 2048] Black is under pressure.} Nf8 39. Nf4 Bd8 $1 40. Rh1 Rg8 (40... Bc7 $11 {keeps the balance.}) 41. Nh4 $16 Bc7 42. Nfg6 Nd7 43. Rhe1 Re8 44. Bf4 Bxf4 45. Nxf4 Rd6 46. Kh3 Nf8 47. Nfg6 Nh7 48. f4 Rdd8 49. Rg1 Nd6 (49... Rd7 $142) 50. Reg2 {White threatens Ne5+! and mate.} Rg8 {[#]} (50... Kg8 $142 51. Ne5 Ng5+ 52. Kh2 (52. fxg5 fxe5 53. dxe5 Nb7 $16) 52... Nf5) 51. Ne7 $1 $18 {[%mdl 512]} Ng5+ $2 (51... Rde8) 52. fxg5 Kxe7 53. gxf6+ Kxf6 54. Rg6+ Kf7 55. Nf3 Rdf8 (55... Rde8 $142 56. Ng5+ Ke7 57. Nxe6 Kd7) 56. Ne5+ {White is clearly winning.} Ke7 57. Rxg7+ Rxg7 58. Rxg7+ Kf6 59. h6 {Nd7+ is the strong threat.} Rh8 60. Kg4 {[%cal Re5d7]} Rxh6 61. Rd7 {Weighted Error Value: White=0.06/Black=0.14} 1-0

[Event "83rd Tata Steel Masters 2021"]
[Site "Wijk aan Zee"]
[Date "2021.01.19"]
[Round "4.2"]
[White "Vachier-Lagrave, Maxime"]
[Black "Anton Guijarro, David"]
[Result "1/2-1/2"]
[WhiteElo "2784"]
[BlackElo "2679"]
[Annotator "TA"]
[PlyCount "159"]
[EventDate "2021.01.16"]
[EventType "tourn"]
[EventCountry "NED"]
[SourceTitle "playchess.com"]
[Source "ChessBase"]
[SourceQuality "1"]

{[%evp 31,159,58,56,20,22,22,22,17,16,12,14,-11,13,0,0,0,-4,-31,-16,-20,-21,-25,0,0,0,0,-9,-31,0,0,0,-1,0,0,12,12,8,9,18,8,35,44,31,8,4,16,50,18,25,0,8,0,0,0,6,0,34,18,28,18,43,47,42,44,73,50,58,58,51,58,60,64,72,72,72,41,41,41,41,41,41,41,41,41,41,41,41,41,41,0,41,41,41,41,52,18,18,8,11,11,18,18,18,18,18,18,25,25,28,25,25,32,39,0,0,0,0,0,0,0,0,0,0,0,0,0,0,0,0,0]} 1. e4 e5 2. Nf3 Nc6 3. Bb5 a6 4. Ba4 Nf6 5. O-O Be7 6. Re1 b5 7. Bb3 O-O 8. c3 d5 9. exd5 Nxd5 10. Nxe5 Nxe5 11. Rxe5 c6 12. Re1 Bd6 13. d3 Qh4 14. g3 Qh3 15. Re4 Qf5 {15...Nf6 is more advanced technology.} 16. Nd2 {[%cal Bb1d2,Bd2f3,Bf3h4][%mdl 32]} Qg6 17. Nf3 {C89: Closed Ruy Lopez: Marshall Attack.} Bg4 $1 18. h3 Bxh3 19. Nh4 $1 {[%cal Rh4g6]} Qf6 20. Qh5 g6 {[#]} 21. Qe2 $146 ({Of course not} 21. Nxg6 fxg6 22. Qxh3 Qxf2+ 23. Kh1 Bxg3 $17) ({Predecessor:} 21. Qg5 Qg7 22. Qh6 Rfe8 23. Qxg7+ Kxg7 24. Bd2 Rxe4 25. dxe4 Nf6 26. Re1 Re8 27. Bc2 {0-1 (54) Jobava,B (2658)-Sammour Hasbun,J (2463) ICC INT 2008}) 21... Qg7 22. Be3 Nxe3 23. Qxe3 Qf6 24. Re1 Kg7 25. g4 {aiming for g5.} Qxh4 26. g5 {[#]} Bf4 $1 27. Qxf4 Qxf4 28. Rxf4 Bf5 29. Re7 c5 30. Bd5 Rae8 31. Rc7 Re5 32. c4 h6 33. gxh6+ Kxh6 34. Rf3 Re2 35. Rxc5 Rxb2 36. Rc6 {Strongly threatening Rxf5.} Kg5 37. Rxa6 bxc4 38. Bxc4 Rb1+ 39. Kg2 Bc8 40. Ra5+ f5 41. Rg3+ Kf6 42. d4 Rc1 43. Be2 Re1 44. Ba6 f4 45. Rf3 Bf5 46. Rxf4 {Hoping for Bd3.} Ra8 47. d5 $1 Ke5 48. Rfa4 (48. Rb4 {is interesting.} Rb1 49. Rba4 Rab8 50. d6+ Kxd6 51. Bd3) 48... Rb8 {Threatening ...Be4+.} 49. d6+ Kxd6 {[#]} 50. Bd3 $1 {[%mdl 64] Decoy} Bxd3 51. Rd4+ {[%mdl 64] Double Attack} Ke6 52. Rxd3 $16 {[%mdl 4096] Endgame KRR-KRR} Rb6 53. Rg3 Kf6 54. Rf3+ Kg7 55. Ra7+ Kh6 56. Rh3+ Kg5 57. Rf7 {f4+ would kill now.} (57. Rg3+ {is more complex.} Kf6 58. Rf3+ Kg5 59. Ra5+ Kh6 60. Re3) 57... Re2 58. Ra3 Rc2 59. Kg3 {f4+ is the strong threat.} Rb1 60. Kg2 (60. Ra5+ {keeps more tension.} Kh6 61. Rf3 Ra1 62. a3 Rg1+ 63. Kh2) 60... Rb6 61. Ra5+ Kh6 62. Ra8 Kg5 63. a4 {next a5 is good for White.} (63. Kg3 {seems wilder.} Rc3+ 64. Rf3 Rc1 65. Kg2 Rc2 66. Rg3+) 63... Ra2 64. Ra5+ Kh6 65. Rf4 Rc6 66. Rh4+ Kg7 67. Kg3 Ra3+ 68. f3 Rd6 69. Ra7+ Kf6 70. Rb4 Kg5 71. Ra8 Rc6 72. a5 Kh6 {The position is equal.} 73. Rh4+ Kg5 74. Rf4 Rd6 75. Rf7 Rc6 76. Rb8 {And now Rb5+ would win.} Ra6 77. Rb6 R3xa5 78. f4+ Kh6 79. Rbb7 {[%csl Gb7][%cal Rf7h7]} g5 80. Kg4 {Weighted Error Value: White=0.08/Black=0.06} 1/2-1/2

[Event "83rd Tata Steel Masters 2021"]
[Site "Wijk aan Zee"]
[Date "2021.01.22"]
[Round "6.4"]
[White "Grandelius, Nils"]
[Black "Caruana, Fabiano"]
[Result "1/2-1/2"]
[WhiteElo "2663"]
[BlackElo "2823"]
[Annotator "TA"]
[PlyCount "124"]
[EventDate "2021.01.16"]
[EventType "tourn"]
[EventCountry "NED"]
[SourceTitle "playchess.com"]
[Source "ChessBase"]
[SourceQuality "1"]

{[%evp 9,124,40,54,47,36,41,31,0,20,1,10,0,15,10,0,0,0,0,0,-7,-8,-21,0,0,-6,-8,0,-14,-8,-7,0,-12,-12,-12,-12,-12,-12,-12,-5,-15,-9,-19,-7,-12,-8,-21,-5,-27,-20,-25,-13,-37,-37,-37,-37,-37,-37,-37,-37,-37,-22,-37,-37,-37,-37,-37,-15,-37,-37,-37,-37,-37,-37,-37,-33,-33,-33,-33,-23,-34,-27,-35,-33,-33,-33,-40,-39,-40,-40,-45,-40,-41,-38,-40,-35,-58,-58,-58,-58,-58,-21,-58,-58,-58,-58,-58,-58,-66,-58,-65,-65,-65,-58,-58,-16,-16,-16]} 1. e4 c5 2. Nf3 Nc6 3. Bb5 e5 4. O-O Bd6 5. c3 a6 6. Ba4 {B30: Sicilian: 2...Nc6 3 Bb5, lines without ...g6.} b5 7. Bc2 Nge7 8. d4 {White is slightly better.} cxd4 9. cxd4 exd4 {[#]} 10. Nbd2 $146 ({Predecessor:} 10. Nxd4 Nxd4 11. Qxd4 Qc7 12. Qd3 Bxh2+ 13. Kh1 Bf4 14. Nc3 Bxc1 15. Raxc1 Qe5 16. f4 {1-0 (29) Jones,G (2702)-Vidit,S (2707) Hengshui 2019}) 10... Bb7 11. Nb3 Qc7 12. h3 Rc8 13. Nbxd4 Nxd4 14. Qxd4 O-O 15. Bb3 Nc6 16. Qd1 Ne5 17. Nxe5 Bxe5 18. Re1 Rfe8 19. f4 Bxf4 20. Bxf7+ Kxf7 21. Bxf4 Qb6+ ({Much worse is} 21... Qxf4 $6 22. Rf1 $16) 22. Kh2 Qe6 23. e5 Kg8 {And now ...Qf5 would win.} 24. Bg3 Rc4 25. Rf1 a5 26. Rf2 a4 27. a3 Rec8 28. Qd6 h5 29. Raf1 h4 {[#] Strongly threatening ...Qxd6.} (29... Qxd6 {with more complications.} 30. exd6 Re4 31. Rd2 Rc5 32. Rf4 Rxf4 33. Bxf4 Bc6) 30. Qxe6+ (30. Bf4 {seems wilder.} Qxd6 31. exd6 b4 32. axb4 Rxb4 33. Be5) 30... dxe6 31. Bf4 b4 32. axb4 Rxb4 33. Bg5 Bd5 34. Be7 Rbc4 (34... Re4 {is interesting.} 35. Rf8+ Rxf8 36. Rxf8+ Kh7 37. Rf2 Kh6) 35. Rf8+ Rxf8 36. Rxf8+ $15 {[%mdl 4096] Endgame KRB-KRB} Kh7 {[#] aiming for ...Rc2.} 37. Rf2 Kg6 38. Bd8 Re4 39. Bc7 Kh5 40. Bd6 g5 41. Bc7 g4 42. hxg4+ Kxg4 43. Bd6 Bb3 44. Kg1 Bc4 45. Kh1 h3 46. Kh2 hxg2 47. Kxg2 Bd5 48. Kf1 Re3 49. Kg1 Re1+ 50. Rf1 Re2 {( -> ...Rg2+)} 51. Rf2 {[%cal Rf2e2]} Re3 52. Rf1 Rg3+ 53. Kf2 Rb3 54. Ra1 Bc6 (54... Rxb2+ {keeps more tension.} 55. Ke3 Bc6 56. Rc1 Rb3+ 57. Kd2 Rb6) 55. Ke2 Rxb2+ 56. Ke3 Bb5 57. Kd4 Kf4 58. Ra3 Be8 59. Kc3 Rb1 60. Kd4 Bd7 61. Rc3 Rb5 62. Rc7 Rd5+ {Weighted Error Value: White=0.05/Black=0.05} 1/2-1/2

[Event "83rd Tata Steel Masters 2021"]
[Site "Wijk aan Zee"]
[Date "2021.01.23"]
[Round "7.6"]
[White "Firouzja, Alireza"]
[Black "Duda, Jan-Krzysztof"]
[Result "1-0"]
[WhiteElo "2749"]
[BlackElo "2743"]
[Annotator "TA"]
[PlyCount "111"]
[EventDate "2021.01.16"]
[EventType "tourn"]
[EventCountry "NED"]
[SourceTitle "playchess.com"]
[Source "ChessBase"]
[SourceQuality "1"]

{[%evp 11,111,0,0,0,0,-7,3,-10,-6,-12,0,-8,0,0,19,0,50,56,65,63,49,55,95,85,100,60,58,63,68,64,64,59,60,54,74,65,85,87,79,88,91,84,87,0,0,0,0,0,0,0,0,0,0,0,0,0,0,0,33,51,52,37,45,2,4,0,0,0,0,0,0,13,21,13,13,13,27,12,17,0,0,0,4,0,21,9,281,254,211,172,291,273,289,280,531,568,547,397,3211,2270,12845,12845]} 1. d4 Nf6 2. Nf3 d5 3. Bf4 e6 4. e3 Bd6 5. Nbd2 O-O 6. Ne5 c5 7. c3 {D02: 1 d4 d5 2 Nf3 sidelines, including 2...Nf6 3 g3 and 2...Nf6 3 Bf4.} Qc7 8. Bd3 b6 9. h4 $5 {[%mdl 4] The position is equal. Leaves trodden paths.} Ba6 10. Bxa6 Nxa6 11. h5 Nd7 {[#]} 12. Ndf3 $146 ({Predecessor:} 12. h6 g6 13. Nxd7 Qxd7 14. Bxd6 Qxd6 15. Qe2 Nb8 16. Rd1 cxd4 17. exd4 Nc6 18. Nf3 {½-½ (34) Demchenko,A (2655)-So,W (2767) Khanty-Mansiysk 2019}) 12... f6 13. Nd3 cxd4 14. Nxd4 e5 {[%cal Re5f4]} 15. Ne6 Qc4 16. Nxf8 Bxf8 17. Bg3 Ndc5 18. Nxc5 Nxc5 19. Rh4 e4 20. Qe2 Nd3+ 21. Kf1 f5 22. Kg1 Rc8 23. Rh1 Kf7 24. Kh2 Be7 25. a3 b5 26. Rad1 Ke6 27. Rxd3 Qxd3 $11 28. Qxd3 exd3 29. Rd1 Bxa3 30. bxa3 Rxc3 {[%mdl 4096] Endgame KRB-KR} 31. Kg1 Rxa3 {Strongly threatening ...b4.} 32. Kf1 b4 {aiming for ...b3.} 33. Ke1 b3 34. Kd2 {Threatens to win with Kc3.} (34. Rxd3 $2 b2 $1 $19 {[%mdl 512]}) 34... b2 {And now ...Ra1 would win.} (34... a5 $5 {[%cal Rb3b2]} 35. Rc1 (35. Kxd3 a4 $11) 35... d4 $11) 35. Rb1 Rb3 {...a5 is the strong threat.} 36. Bc7 d4 $1 37. exd4 {Black must now prevent Ba5.} Kd5 38. f4 g6 39. h6 Kxd4 40. Be5+ Ke4 41. Bxb2 Rb7 42. Re1+ Kxf4 43. Be5+ Kg4 44. Kxd3 {White wants to play Ra1.} g5 45. Bd4 Rd7 46. Re6 Kg3 47. Rf6 Kg4 48. Ra6 {Threatening Kc4.} f4 $2 {[%mdl 8192] This move loses the game for Black.} (48... Kg3 $11) 49. Ke4 $1 $18 (49. Rxa7 Rxa7 50. Bxa7 Kh5 $11) 49... Re7+ 50. Be5 $1 Rb7 (50... Kg3 {is a better defense.} 51. Ra5 Kxg2 52. Ra2+ Kg3) 51. Bf6 $1 Rb4+ {[#]} 52. Bd4 $1 Kh5 $2 {[#]} (52... Rb7 {was necessary.} 53. Ke5 (53. Bxa7 Rb2 $11) (53. Rxa7 Rxa7 54. Bxa7 Kh5 $11) 53... Rd7) 53. Rd6 $1 Ra4 54. Kf5 Ra2 $2 (54... f3) 55. Bf6 Kxh6 56. Rd1 {[%cal Rd1h1] Weighted Error Value: White=0.05/Black=0.22} 1-0

[Event "83rd Tata Steel Masters 2021"]
[Site "Wijk aan Zee"]
[Date "2021.01.24"]
[Round "8.2"]
[White "Duda, Jan-Krzysztof"]
[Black "Anton Guijarro, David"]
[Result "1/2-1/2"]
[WhiteElo "2743"]
[BlackElo "2679"]
[Annotator "TA"]
[PlyCount "100"]
[EventDate "2021.01.16"]
[EventType "tourn"]
[EventCountry "NED"]
[SourceTitle "playchess.com"]
[Source "ChessBase"]
[SourceQuality "1"]

{[%evp 10,100,19,20,25,14,34,33,27,20,31,25,31,0,27,29,31,26,37,11,26,8,16,0,7,0,0,2,10,12,22,8,6,10,39,31,68,60,73,40,48,9,57,6,7,7,16,0,0,0,0,0,0,-65,-66,-100,-103,-150,-20,-14,-18,-7,0,0,0,0,-25,-88,-92,-83,-28,-28,-28,-56,-43,-43,-50,-47,-26,-25,0,0,0,0,0,-53,0,0,0,0,0,0,0]} 1. e4 e5 2. Nf3 Nc6 3. Bc4 Bc5 4. O-O Nf6 5. d3 d6 6. c3 a5 {C54: Giuoco Piano: 4 c3 Nf6, main lines with 5 d4 and 5 d3.} 7. Re1 O-O 8. Bg5 h6 {White is slightly better.} 9. Bh4 g5 10. Bg3 Ba7 11. Na3 Bg4 12. Nc2 Bh5 13. h3 Kg7 14. Ne3 Ne7 {[#]} 15. Bb3 $146 (15. Qe2 {feels hotter.} a4 16. b4 Rb8 17. Bb5 Ra8 18. a3) ({Predecessor:} 15. Bh2 g4 16. hxg4 Nxg4 17. Nh4 f5 18. Nxg4 fxg4 19. Bg3 Bxf2+ 20. Bxf2 g3 21. Nf3 gxf2+ 22. Kxf2 {0-1 (39) Audi,A (2354)-Mokshanov,A (2449) Moscow 2020}) 15... Qd7 16. Bc2 (16. Qe2 {is interesting.} a4 17. Bc2 Rfe8 18. Rad1 Qc6 19. a3) 16... Bxe3 17. Rxe3 Ng6 18. d4 {[%cal Rd4e5]} Qb5 19. a4 Qb6 (19... Qxb2 $2 20. Bb3 $18) 20. Ra3 Rfe8 21. Rb3 Qa7 22. Qd2 Rad8 23. h4 Nh7 24. hxg5 hxg5 25. Nh2 c5 26. Nf1 (26. dxc5 $14 dxc5 27. Rd3 Rxd3 28. Qxd3 (28. Bxd3 Rd8 $11)) 26... Nf4 $11 27. f3 Bg6 {[%cal Rc5d4]} 28. Bf2 Nf6 (28... exd4 $6 29. cxd4 b6 30. Re1 $16) 29. Re1 b6 30. Ne3 Qc7 31. Ra3 (31. Rb5 $11) 31... Rh8 $15 32. Raa1 Rh6 33. Rad1 {[#] And now dxe5 would win.} cxd4 ({Black should play} 33... d5 $1 $17 {[%cal Rd5e4]} 34. dxe5 Qxe5 35. exd5 Rdh8) 34. cxd4 $11 Rdh8 {[%csl Gh8][%cal Rh6h1]} 35. Bg3 N4h5 36. Bh2 Nf4 37. Bg3 d5 {Hoping for ...exd4.} 38. Qc3 (38. dxe5 $11 Qxe5 {[%mdl 64] Double Attack} 39. Bxf4 Qxf4 40. Nf5+ Bxf5 41. Qxf4 gxf4 42. exf5) 38... Qxc3 $17 39. bxc3 {[#]} exd4 ({Reject} 39... dxe4 $6 40. dxe5 N6h5 41. Kf2 $11) (39... Rh1+ $1 $17 40. Kf2 Rxe1 41. Rxe1 exd4 42. cxd4 dxe4) 40. Rxd4 $11 dxe4 41. Bxe4 Rh1+ 42. Kf2 Rxe1 43. Kxe1 Rh1+ (43... Ne6 {keeps more tension.} 44. Rc4 Nxe4 45. fxe4 Re8 46. Bd6 Nf4) 44. Kf2 $1 Nxe4+ (44... Bxe4 {is more complex.} 45. fxe4 Ne6 46. Rc4 Nc5 47. Kf3 Nfd7) 45. fxe4 Ne6 46. Be5+ Kh7 47. Rd6 (47. Ng4 $11) 47... Ra1 ({Better is} 47... Bxe4 $15 48. Nf1 Nc5) 48. Nd5 {The position is equal.} Bxe4 {Threatens to win with ...Ra2+.} 49. Nf6+ Kg6 {...Kf5 is the strong threat.} 50. g4 ({Much worse is} 50. Nxe4 Kf5 $17) 50... Bc2 {Weighted Error Value: White=0.16/Black=0.12} 1/2-1/2

[Event "83rd Tata Steel Masters 2021"]
[Site "Wijk aan Zee"]
[Date "2021.01.24"]
[Round "8.3"]
[White "Harikrishna, Pentala"]
[Black "Firouzja, Alireza"]
[Result "0-1"]
[WhiteElo "2732"]
[BlackElo "2749"]
[Annotator "TA"]
[PlyCount "112"]
[EventDate "2021.01.16"]
[EventType "tourn"]
[EventCountry "NED"]
[SourceTitle "playchess.com"]
[Source "ChessBase"]
[SourceQuality "1"]

{[%evp 9,112,27,25,0,8,0,12,14,16,13,34,28,35,12,50,0,0,9,72,0,0,0,0,0,0,0,0,-20,-12,-5,-5,-28,-31,-21,-20,-44,22,0,0,-18,12,0,36,0,0,0,0,-15,-15,-17,-11,-15,-21,-16,-12,-14,-15,-91,-83,-82,-69,-102,-32,-68,-62,-222,-226,-219,-208,-202,-197,-202,-197,-196,-200,-213,-150,-144,-136,-123,-145,-136,-113,-115,-116,-138,-43,-181,-104,-108,-112,-129,-126,-316,-312,-743,-468,-849,-852,-1901,-623,-29984,-29985,-29985,-29986]} 1. d4 d5 2. c4 c6 3. cxd5 cxd5 4. Bf4 Nc6 5. e3 Bf5 6. Bb5 {D10: Slav Defence: 3 cxd5 (without early Nf3) and 3 Nc3.} e6 7. Nc3 Nge7 $5 {[%mdl 4] [#] Leaves trodden paths.} 8. Rc1 $146 {The position is equal.} ({Predecessor:} 8. Nf3 a6 9. Be2 Nc8 10. O-O Be7 11. Rc1 Nb6 12. Ne5 Nxe5 13. Bxe5 O-O 14. Qb3 {½-½ (30) Ubilava,E (2560)-Komljenovic,D (2495) San Sebastian 1992}) 8... a6 9. Be2 f6 10. g4 Bg6 11. Nf3 Bf7 12. Bg3 h5 13. g5 Ng6 (13... h4 $1 $11 14. Nxh4 (14. Bxh4 Nf5 $11) 14... fxg5) 14. gxf6 (14. h4 $1 $16) 14... h4 $11 15. fxg7 Bxg7 16. Be5 Ngxe5 17. dxe5 Nxe5 18. Nd4 Rc8 19. O-O Nc6 20. Bg4 Nxd4 21. exd4 Rc6 22. Ne2 h3 ({Black should play} 22... Qg5 $15 23. h3 Rxc1 24. Qxc1 Qxc1 25. Rxc1 Kd7) 23. Rc3 Rh4 24. Rg3 Qc7 25. Re1 Kf8 26. Qd3 e5 27. Qa3+ Qd6 28. Qxd6+ Rxd6 29. Bxh3 exd4 30. Nc1 Rdh6 31. Bg2 Rxh2 32. Nd3 R2h5 33. f4 (33. Nc5 $11) 33... Rc6 $17 34. Bf3 Rhh6 35. Rg2 Rhg6 (35... Rh3 $17 36. Rf1 Bh6) 36. f5 Rh6 37. Nf4 $2 (37. Rh2 $1 $15) 37... d3 $1 $19 38. Nxd3 Bd4+ 39. Nf2 Rc2 40. Kf1 Rxb2 41. Re2 Rb1+ 42. Re1 Rhb6 43. Nd3 Bc3 44. Rxb1 Rxb1+ 45. Kf2 Ke7 46. Rh2 Kf6 47. Ke3 Kg5 (47... Rf1 $17 48. Rh7 b5) 48. Nc5 {[#]} ({Better is} 48. Rh7 $15 d4+ {[%mdl 64] Discovered Attack} 49. Kf2) 48... Rb5 ({Much less strong is} 48... Kxf5 49. Bxd5 Re1+ 50. Kd3 $15) ({Black should try} 48... b6 $1 $19 {[%cal Rb6c5]} 49. Nd7 Kxf5) 49. Rh7 $17 Bg8 50. Rc7 Kxf5 {White must now prevent ...d4+.} 51. Nxb7 $2 {[#]} (51. Kd3 $17 Be5 52. Rc8) 51... d4+ $1 $19 {[%mdl 64] Discovered Attack} 52. Kf2 $2 (52. Kd3 Rb2 53. Rxc3 dxc3 54. Kxc3 Rxa2 55. Bd1) 52... Rb2+ 53. Be2 (53. Kg1 $142 Kf4 54. Bg2) 53... Kf4 54. Nd6 Bd2 (54... Be6 $142 55. Rb7 Rd2) 55. Kf1 Rb1+ 56. Bd1 d3 {Weighted Error Value: White=0.55/Black=0.25} 0-1

[Event "83rd Tata Steel Masters 2021"]
[Site "Wijk aan Zee"]
[Date "2021.01.24"]
[Round "8.6"]
[White "Grandelius, Nils"]
[Black "Wojtaszek, Radoslaw"]
[Result "1/2-1/2"]
[WhiteElo "2663"]
[BlackElo "2705"]
[Annotator "TA"]
[PlyCount "109"]
[EventDate "2021.01.16"]
[EventType "tourn"]
[EventCountry "NED"]
[SourceTitle "playchess.com"]
[Source "ChessBase"]
[SourceQuality "1"]

{[%evp 11,109,14,19,12,24,21,6,0,0,0,10,0,33,18,30,22,22,0,0,0,0,-43,-42,-47,-34,-31,-29,-23,-15,-19,-14,0,0,-6,8,-19,0,0,11,11,13,14,24,-18,-15,-8,15,18,20,0,2,3,4,0,0,-29,-21,-24,-39,-28,-22,-43,-25,-46,-47,-65,0,0,0,0,0,8,8,2,8,8,8,8,17,12,17,15,18,10,19,11,29,28,25,8,8,8,8,8,8,0,8,0,10,0]} 1. e4 c6 2. d4 d5 3. Nc3 dxe4 4. Nxe4 Bf5 5. Ng3 Bg6 6. h4 h6 7. Bd3 {[#] aiming for Bxg6. B18: Classical Caro-Kann: 4...Bf5 sidelines.} (7. Nf3 {looks sharper.} Nd7 8. Bf4 Ngf6 9. Bd3 Nd5 10. Bc1) 7... Bxd3 8. Qxd3 e6 9. N1e2 Nf6 10. Bd2 Nbd7 11. O-O-O Qc7 12. Kb1 {[#]} c5 $146 ({Predecessor:} 12... Be7 13. Rhg1 Ng4 14. f3 Nf2 15. Qb3 Nxd1 16. Rxd1 Bxh4 17. Bf4 Qb6 {0-1 (44) Leccia,T (1211)-Jubin,T (1690) St Denis 2016}) 13. dxc5 Nxc5 14. Qc4 Be7 15. Bf4 Qb6 16. Nd4 (16. Be3 {with more complications.} O-O 17. Nf4 Rac8 18. Nfh5 Qa5 19. Bd2) 16... O-O 17. Qb5 Qxb5 18. Nxb5 Ng4 19. Rdf1 Rfd8 20. Nc3 f5 21. f3 Nf6 22. Nge2 a6 23. Be3 Kf7 24. g4 Nd5 25. Nxd5 Rxd5 26. Nf4 Rd7 27. Rhg1 {next gxf5 is good for White.} e5 28. Ne2 Rc8 29. gxf5 Bxh4 30. Nc3 b5 31. Bxc5 Rxc5 32. Ne4 Rc6 33. Rg4 Bd8 34. c3 h5 35. Rg2 h4 36. Rfg1 Kf8 37. Rg4 Rf7 38. Kc2 Be7 (38... Rh6 $15) 39. Kd2 $11 Rh6 40. Ke2 h3 41. f6 Bxf6 42. Rh1 Bd8 43. Rg3 h2 44. Rg2 Rh3 45. Rf2 g5 46. Rhxh2 Rh4 47. Rhg2 Rg7 48. Rf1 Be7 49. Rfg1 Kf7 50. b3 Ke6 {The position is equal.} 51. Ke3 Kd5 52. Rd1+ Ke6 53. Rdg1 Kd5 54. Rd1+ Ke6 55. Rdg1 {Weighted Error Value: White=0.06/Black=0.06} 1/2-1/2